Subdivision capitals closest to Ostrava (CZ) - Statistics

General Stats
  • This quiz has been taken 38 times
  • The average score is 12 of 20
Answer Stats
Distance (km) Answer % Correct
17 207 Bratislava
90%
9 141 Brno
90%
1 70 Katowice
87%
3 80 Olomouc
83%
7 120 Kraków
80%
4 81 Zlín
77%
18 229 Wien
73%
15 201 Jihlava
67%
13 181 Hradec Králové
63%
14 181 Pardubice
63%
2 73 Žilina
60%
10 168 Wrocław
57%
19 231 Łódź
53%
11 170 Nitra
53%
12 170 Trnava
50%
6 106 Trenčín
47%
8 137 Banská Bystrica
43%
5 96 Opole
40%
20 233 Prešov
30%
16 202 Kielce
17%
No matching quizzes found
Score Distribution
Percent of People with Each Score
Percentile by Number Answered
Your Score History
You have not taken this quiz